000 00669nam a2200229Ia 4500
005 20250508163621.0
008 008 250505s9999 xx 000 0 eng d
020 _a0-145-04635-1
037 _aTextual
040 _aFEDL
_beng
_cFEDL
041 _aeng
_2eng
084 _a155.4, COH
_qFEDL
100 _aCohen David
245 0 _aDevelopment of imagination : The private worlds of childhood
260 _aLondon, UK
_bRoutledge
_c1991
300 _avii,119p.
490 _aConcepts in development psychology
650 _aChild Psychology
700 _a MacKeith Stephen A.
_9775779
942 _cTEXL
_h155.4, COH
999 _c1384369
_d1384369